Statistics for French Days of the Week

Click here to take the quiz!

General Stats

  • This quiz has been taken 860 times
  • The average score is 6 of 7

Answer Stats

HintAnswer% Correct
Mondaylundi
98%
Tuesdaymardi
97%
Wednesdaymercredi
91%
Thursdayjeudi
85%
Saturdaysamedi
85%
Sundaydimanche
84%
Fridayvendredi
84%

Score Distribution

Percentile by Number Answered

Percent of People with Each Score

Your Score History

You have not taken this quiz